| 000 | 00800nam a2200253 i 4500 | ||
|---|---|---|---|
| 001 | 000028631 | ||
| 003 | DO-SdBNP | ||
| 005 | 20230911100456.0 | ||
| 007 | ta | ||
| 008 | 110411s1984 dr 000 0 spa d | ||
| 040 |
_aDO-SdBNP _bspa _cBNPHU _erda |
||
| 082 | 4 | _222 | |
| 245 | 0 | 0 |
_aDiscurso pronunciado por Don Eugenio María de Hostos 28 de septiembre de 1884 / _cprefacio Jorge Tena Reyes |
| 264 |
_aSanto Domingo : _bs.n. _c1984. |
||
| 300 |
_a16 páginas ; _c22 cm. |
||
| 336 |
_2rdacontent _atexto _btxt |
||
| 337 |
_2rdamedia _asin mediación _bnc |
||
| 338 |
_2rdacarrier _avolumen _bn |
||
| 500 | _aCentenario de la primera investidura de maestros normales | ||
| 590 | _aInventariado, 2023/BT | ||
| 700 | 1 |
_aTena Reyes, Jorge, _eprefacio _98252 |
|
| 910 | _aBtavárez | ||
| 942 |
_2ddc _cLF2 |
||
| 999 |
_c28123 _d28123 |
||